[Event "Dresden ZMD op-C 21th"]
[Site "Dresden"]
[Date "2012.08.18"]
[Round "1"]
[White "Koch, Rico"]
[Black "Schlegel, Kai Friedrich"]
[Result "1-0"]
[WhiteElo "1667"]
[BlackElo "1282"]
[PlyCount "37"]
[EventDate "2012.08.18"]
[EventType "swiss"]
[EventRounds "9"]
[EventCountry "GER"]
[SourceTitle "CBM 150 Extra"]
[Source "ChessBase"]
[SourceDate "2012.10.19"]
[SourceVersion "1"]
[SourceVersionDate "2012.10.19"]
[SourceQuality "1"]

1. e4 c5 2. d4 cxd4 3. c3 d5 4. exd5 Qxd5 5. cxd4 e5 6. Qc2 Nc6 7. dxe5 Qxe5+ 8. Qe2 Qxe2+ 9. Bxe2 Be6 10. Nf3 0-0-0 11. 0-0 Be7 12. Nc3 Bf6 13. Bf4 Nge7 14. Rac1 Bxc3 15. bxc3 Bxa2 16. c4 Na5 17. Ra1 Bxc4 18. Rfc1 Nec6 19. Bxc4 1-0